| 000 | 00582nam a2200217 a 4500 | ||
|---|---|---|---|
| 001 | 0001-2066 | ||
| 003 | ELIB.Books | ||
| 008 | 190722 2010 eng | ||
| 020 | _a0829814817 | ||
| 092 |
_a232.082 _bkim |
||
| 100 | _aKim, Grace Ji-Sun | ||
| 245 | _aThe Grace of Sophia | ||
| 260 |
_aCleveland _bThe Pilgrim Press _c2002 |
||
| 300 |
_a181 _c20cm |
||
| 650 | _aJesus Christ-Person and Offices | ||
| 856 |
_nKBTS Library _uKBTS Elib |
||
| 942 |
_2ddc _cBK |
||
| 990 | _a5 | ||
| 998 |
_aEnglishbooks.elf _ccat _e2019-07-22 _mcat _u2019-07-22 |
||
| 999 |
_c12066 _d12066 |
||